| 000 | 00536 a2200157 4500 | ||
|---|---|---|---|
| 999 |
_c320941 _d320941 |
||
| 001 | 85868 | ||
| 003 | NUST | ||
| 005 | 20180121141108.0 | ||
| 008 | 180121b xxu||||| |||| 00| 0 eng d | ||
| 020 | _a9280808931 | ||
| 082 | _a333.7151370 BRO | ||
| 100 |
_aH C Brookfield ; Yvonne Byron ; Lesley M Potter _99351 |
||
| 245 |
_aIn place of the forest : environmental and socio-economic transformation in Borneo and the eastern Malay Peninsula _hEnglish |
||
| 250 | _a1st | ||
| 260 |
_aTokyo _b United Nations University Press _c1995 |
||
| 300 | _axiv, 310 p. | ||
| 500 | _aGifted By AM Masood Akhtar | ||
| 942 |
_acaenust _cBK _k333.7151370 BRO _2ddc |
||